[Event "ESP-chT CECLUB Div2"]
[Site "Linares"]
[Date "2023.08.16"]
[Round "5.29"]
[White "Salgado Allaria, Carlos Fernando"]
[Black "Barrenechea Bahamonde, Gustavo"]
[Result "1-0"]
[WhiteElo "2244"]
[BlackElo "2106"]
[PlyCount "63"]
[EventDate "2023.08.13"]
[EventType "team-swiss"]
[EventRounds "7"]
[EventCountry "ESP"]
[SourceTitle "EXT 2024"]
[Source "ChessBase"]
[SourceDate "2023.10.10"]
[SourceVersion "1"]
[SourceVersionDate "2023.10.10"]
[SourceQuality "1"]
[WhiteTeam "Platja D'Aro"]
[BlackTeam "Sevilla Casa del Ajedrez"]
[WhiteTeamCountry "ESP"]
[BlackTeamCountry "ESP"]

1. d4 d5 2. c4 e6 3. Nf3 c5 4. cxd5 exd5 5. Nc3 Nc6 6. dxc5 d4 7. Na4 Bg4 8. a3 Be7 9. b4 Bf6 10. Ra2 Qe7 11. Bf4 Qe4 12. Bd6 Nge7 13. Rd2 0-0 14. b5 Na5 15. Nxd4 Nc4 16. f3 Bxf3 17. Nxf3 Nxd2 18. Kxd2 Nf5 19. Qb3 Rad8 20. e3 Rfe8 21. Bc4 Nxd6 22. cxd6 Rxd6+ 23. Ke2 Red8 24. Rc1 g5 25. Bxf7+ Kh8 26. Nc5 Rd2+ 27. Kf1 Qe7 28. Qe6 Rd1+ 29. Rxd1 Rxd1+ 30. Kf2 Qd8 31. Ne4 Bb2 32. Nexg5 1-0

[Event "Karlsruhe Grenke op"]
[Site "Karlsruhe"]
[Date "2018.03.29"]
[Round "1"]
[White "Papp, Gabor"]
[Black "Barrenechea Bahamonde, Gustavo"]
[Result "1-0"]
[WhiteElo "2604"]
[BlackElo "2141"]
[PlyCount "69"]
[EventDate "2018.03.29"]
[EventType "swiss"]
[EventRounds "9"]
[EventCountry "GER"]
[SourceTitle "CBM 183 Extra"]
[Source "ChessBase"]
[SourceDate "2018.04.19"]
[SourceVersion "1"]
[SourceVersionDate "2018.04.19"]
[SourceQuality "1"]

1. e4 c5 2. Nf3 g6 3. d4 cxd4 4. Nxd4 Nf6 5. Nc3 d6 6. Be3 Bg7 7. f3 Nc6 8. Qd2 0-0 9. 0-0-0 d5 10. Qe1 e5 11. Nxc6 bxc6 12. exd5 Nxd5 13. Bc4 Be6 14. Ne4 h6 15. Bc5 f5 16. Bxf8 Qxf8 17. Nc3 Nf4 18. Bxe6+ Nxe6 19. Qg3 Rb8 20. Qxg6 Nd4 21. a3 Qc5 22. Rhe1 Qb6 23. b4 Kh8 24. Qd6 Rd8 25. Qc5 Qc7 26. Ne2 Rd5 27. Qc4 a5 28. c3 axb4 29. axb4 Nxe2+ 30. Rxe2 Rb5 31. Red2 Bf6 32. Rd6 Bg5+ 33. Kc2 Qb6 34. Rxc6 Qf2+ 35. Kb3 1-0

[Event "Gibraltar Masters 16th"]
[Site "Caleta"]
[Date "2018.01.27"]
[Round "5"]
[White "Barrenechea Bahamonde, Gustavo"]
[Black "Ansari, Athar"]
[Result "1-0"]
[WhiteElo "2127"]
[BlackElo "1919"]
[PlyCount "85"]
[EventDate "2018.01.23"]
[EventType "swiss"]
[EventRounds "10"]
[EventCountry "GGB"]
[SourceTitle "CBM 183"]
[Source "ChessBase"]
[SourceDate "2018.03.14"]
[SourceVersion "1"]
[SourceVersionDate "2018.03.14"]
[SourceQuality "1"]

1. e4 c5 2. Nf3 a6 3. b4 cxb4 4. d4 d5 5. exd5 Nf6 6. a3 Qxd5 7. axb4 Bg4 8. Be2 e6 9. c3 Be7 10. 0-0 0-0 11. h3 Bh5 12. c4 Qd8 13. b5 Nbd7 14. bxa6 bxa6 15. Be3 Bb4 16. Nbd2 Qe7 17. Bf4 Bg6 18. c5 e5 19. Nxe5 Nxe5 20. Bxe5 Bxd2 21. Qxd2 Ne4 22. Qd3 Rfe8 23. Bf3 f6 24. Bd6 Qd7 25. Qb3+ Bf7 26. Qc2 Bd5 27. Rfb1 a5 28. Rb6 Kh8 29. Bg4 f5 30. Be2 Bc6 31. Be5 Re6 32. f3 Rg6 33. Rxc6 Qxc6 34. fxe4 fxe4 35. Rb1 Rf8 36. Rb6 Qa8 37. Rxg6 hxg6 38. c6 a4 39. Qxe4 a3 40. Qxg6 Qa7 41. Bc4 Rf6 42. Qh5+ Rh6 43. Qxh6# 1-0

[Event "Gibraltar Masters 16th"]
[Site "Caleta"]
[Date "2018.01.25"]
[Round "3"]
[White "Barrenechea Bahamonde, Gustavo"]
[Black "Edvardsen, Ragnar"]
[Result "1/2-1/2"]
[WhiteElo "2127"]
[BlackElo "1968"]
[PlyCount "60"]
[EventDate "2018.01.23"]
[EventType "swiss"]
[EventRounds "10"]
[EventCountry "GGB"]
[SourceTitle "CBM 183"]
[Source "ChessBase"]
[SourceDate "2018.03.14"]
[SourceVersion "1"]
[SourceVersionDate "2018.03.14"]
[SourceQuality "1"]

1. e4 e5 2. Nf3 Nc6 3. d4 exd4 4. c3 dxc3 5. Bc4 Nf6 6. Nxc3 Bb4 7. e5 Bxc3+ 8. bxc3 Qe7 9. 0-0 Ng4 10. Bf4 0-0 11. Qe2 d6 12. exd6 Qxe2 13. Bxe2 cxd6 14. Bxd6 Re8 15. Rfe1 h6 16. Bb5 Bd7 17. c4 a6 18. Ba4 Nce5 19. Bxd7 Nxd7 20. h3 Ngf6 21. Ne5 Nxe5 22. Bxe5 Nd7 23. Bd6 b6 24. Kf1 f5 25. Rxe8+ Rxe8 26. Re1 Rxe1+ 27. Kxe1 Kf7 28. Kd2 Ke6 29. Bc7 g5 30. Ke3 Ne5 1/2-1/2

[Event "Gibraltar Masters 16th"]
[Site "Caleta"]
[Date "2018.01.24"]
[Round "2"]
[White "Bjerre, Jonas Buhl"]
[Black "Barrenechea Bahamonde, Gustavo"]
[Result "1-0"]
[WhiteElo "2367"]
[BlackElo "2127"]
[PlyCount "53"]
[EventDate "2018.01.23"]
[EventType "swiss"]
[EventRounds "10"]
[EventCountry "GGB"]
[SourceTitle "CBM 183"]
[Source "ChessBase"]
[SourceDate "2018.03.14"]
[SourceVersion "1"]
[SourceVersionDate "2018.03.14"]
[SourceQuality "1"]

1. e4 c5 2. Nf3 d6 3. d4 cxd4 4. Nxd4 Nf6 5. Nc3 g6 6. Be3 Bg7 7. f3 Nc6 8. Qd2 0-0 9. Bc4 Bd7 10. 0-0-0 Rc8 11. Bb3 Ne5 12. Kb1 a6 13. h4 h5 14. g4 hxg4 15. h5 Nxh5 16. Rdg1 Rc5 17. f4 Nc4 18. Bxc4 Rxc4 19. f5 Qa5 20. Rxg4 Rxc3 21. bxc3 Rc8 22. Rxh5 gxh5 23. Rg1 Kh7 24. Qe2 Rh8 25. Qxh5+ Kg8 26. Rxg7+ Kxg7 27. f6+ 1-0

[Event "Elgoibar 27th"]
[Site "Elgoibar"]
[Date "2017.12.21"]
[Round "8"]
[White "Oratovsky, Michael"]
[Black "Barrenechea Bahamonde, Gustavo"]
[Result "1-0"]
[WhiteElo "2452"]
[BlackElo "2129"]
[PlyCount "53"]
[EventDate "2017.12.16"]
[EventType "tourn"]
[EventRounds "9"]
[EventCountry "ESP"]
[EventCategory "8"]
[SourceTitle "CBM 182 Extra"]
[Source "ChessBase"]
[SourceDate "2018.02.23"]
[SourceVersion "1"]
[SourceVersionDate "2018.02.23"]
[SourceQuality "1"]

1. e4 c5 2. Nf3 g6 3. c3 Bg7 4. d4 cxd4 5. cxd4 d5 6. e5 Nh6 7. Bb5+ Bd7 8. Bxd7+ Qxd7 9. 0-0 0-0 10. Nc3 Nc6 11. Re1 Nf5 12. Bf4 e6 13. Qd2 Rac8 14. Rad1 b5 15. h3 a6 16. Ne2 Qe7 17. Bg5 f6 18. exf6 Bxf6 19. Bxf6 Qxf6 20. Ng3 Ng7 21. Qh6 Nf5 22. Nxf5 Qxf5 23. Ng5 Qxf2+ 24. Kh1 Rc7 25. Nxe6 Re7 26. Qxf8+ Qxf8 27. Nxf8 1-0

[Event "Elgoibar 27th"]
[Site "Elgoibar"]
[Date "2017.12.17"]
[Round "2"]
[White "Del Rio de Angelis, Salvador Gabriel"]
[Black "Barrenechea Bahamonde, Gustavo"]
[Result "1-0"]
[WhiteElo "2520"]
[BlackElo "2129"]
[PlyCount "63"]
[EventDate "2017.12.16"]
[EventType "tourn"]
[EventRounds "9"]
[EventCountry "ESP"]
[EventCategory "8"]
[SourceTitle "CBM 182 Extra"]
[Source "ChessBase"]
[SourceDate "2018.02.23"]
[SourceVersion "1"]
[SourceVersionDate "2018.02.23"]
[SourceQuality "1"]

1. Nf3 d5 2. b3 c5 3. e3 Nf6 4. Bb2 e6 5. d4 Nc6 6. Nbd2 Be7 7. Bd3 0-0 8. 0-0 Qc7 9. a3 b6 10. Rc1 Bb7 11. dxc5 bxc5 12. c4 d4 13. exd4 Rad8 14. Re1 Nxd4 15. Bxd4 cxd4 16. c5 Nd5 17. b4 Nf4 18. Bf1 Bf6 19. c6 Bc8 20. Ne4 e5 21. Nxf6+ gxf6 22. Nh4 f5 23. Rc5 Rfe8 24. Qb1 d3 25. g3 d2 26. Rd1 Qe7 27. Nxf5 Qg5 28. c7 Bxf5 29. cxd8Q Rxd8 30. Rxe5 Bxb1 31. Rxg5+ Ng6 32. Rc5 1-0

[Event "ESP-ch 82nd"]
[Site "Las Palmas"]
[Date "2017.10.02"]
[Round "4"]
[White "Moreno Ruiz, Javier"]
[Black "Barrenechea Bahamonde, Gustavo"]
[Result "1-0"]
[WhiteElo "2464"]
[BlackElo "2110"]
[PlyCount "51"]
[EventDate "2017.09.29"]
[EventType "swiss"]
[EventRounds "9"]
[EventCountry "ESP"]
[SourceTitle "CBM 181 Extra"]
[Source "ChessBase"]
[SourceDate "2017.12.12"]
[SourceVersion "1"]
[SourceVersionDate "2017.12.12"]
[SourceQuality "1"]

1. d4 d5 2. c4 dxc4 3. e3 Be6 4. Na3 Nf6 5. Nxc4 g6 6. Nf3 Bg7 7. Be2 0-0 8. 0-0 c5 9. dxc5 Qc7 10. Bd2 Ne4 11. Be1 Qxc5 12. Rc1 Rc8 13. Nd4 Bd7 14. Nb3 Qg5 15. f4 Qh6 16. Bf3 Rxc4 17. Rxc4 Nd6 18. Rc7 Bb5 19. Rxe7 Nc6 20. Bxc6 Bxf1 21. Qxd6 bxc6 22. Qxc6 Rd8 23. Re8+ Rxe8 24. Qxe8+ Bf8 25. Kxf1 Qxh2 26. Bb4 1-0

[Event "Elgoibar 26th"]
[Site "Elgoibar"]
[Date "2016.12.14"]
[Round "1"]
[White "Barrenechea Bahamonde, Gustavo"]
[Black "Teran Alvarez, Ismael"]
[Result "1/2-1/2"]
[WhiteElo "2140"]
[BlackElo "2388"]
[PlyCount "40"]
[EventDate "2016.12.14"]
[EventType "tourn"]
[EventRounds "9"]
[EventCountry "ESP"]
[EventCategory "7"]
[SourceTitle "CBM 176 Extra"]
[Source "ChessBase"]
[SourceDate "2017.03.02"]
[SourceVersion "1"]
[SourceVersionDate "2017.03.02"]
[SourceQuality "1"]

1. e4 e5 2. Nf3 Nc6 3. Bb5 a6 4. Ba4 Nf6 5. 0-0 Nxe4 6. d4 b5 7. Bb3 d5 8. dxe5 Be6 9. Nbd2 Nc5 10. c3 Be7 11. Bc2 d4 12. Nb3 d3 13. Nxc5 dxc2 14. Qxd8+ Rxd8 15. Nxe6 fxe6 16. Be3 Rd5 17. Rfc1 Nxe5 18. Nxe5 Rxe5 19. Rxc2 Kf7 20. g3 Bg5 1/2-1/2

[Event "Gibraltar Masters 14th"]
[Site "Caleta"]
[Date "2016.02.04"]
[Round "10"]
[White "Bach, Matthias"]
[Black "Barrenechea Bahamonde, Gustavo"]
[Result "1-0"]
[WhiteElo "2301"]
[BlackElo "2116"]
[PlyCount "55"]
[EventDate "2016.01.26"]
[EventType "swiss"]
[EventRounds "10"]
[EventCountry "GGB"]
[SourceTitle "CBM 171"]
[Source "ChessBase"]
[SourceDate "2016.03.14"]
[SourceVersion "2"]
[SourceVersionDate "2016.03.14"]
[SourceQuality "1"]

1. d3 d5 2. g3 c5 3. Bg2 Nc6 4. Nd2 Nf6 5. e3 e6 6. b3 Bd6 7. Bb2 b6 8. Ne2 Bb7 9. a3 0-0 10. h3 Qe7 11. g4 b5 12. f4 Nd7 13. 0-0 Nb6 14. Ng3 c4 15. g5 b4 16. axb4 cxd3 17. cxd3 Bxb4 18. Nf3 Nd7 19. f5 f6 20. g6 h6 21. Nh4 Bd6 22. Nh5 Nb4 23. fxe6 Ne5 24. Nf5 Qd8 25. Nhxg7 Nxg6 26. Qh5 Nh8 27. Qxh6 Nxd3 28. Ne8 1-0

[Event "Gibraltar Masters 14th"]
[Site "Caleta"]
[Date "2016.02.02"]
[Round "8"]
[White "Lombaers, Peter"]
[Black "Barrenechea Bahamonde, Gustavo"]
[Result "1-0"]
[WhiteElo "2328"]
[BlackElo "2116"]
[PlyCount "77"]
[EventDate "2016.01.26"]
[EventType "swiss"]
[EventRounds "10"]
[EventCountry "GGB"]
[SourceTitle "CBM 171"]
[Source "ChessBase"]
[SourceDate "2016.03.14"]
[SourceVersion "2"]
[SourceVersionDate "2016.03.14"]
[SourceQuality "1"]

1. e4 Nf6 2. e5 Nd5 3. d4 d6 4. Nf3 g6 5. Bc4 Nb6 6. Bb3 Bg7 7. Ng5 e6 8. Qf3 0-0 9. Qh3 h6 10. Nf3 dxe5 11. dxe5 c5 12. c3 h5 13. 0-0 Nc6 14. Re1 Qc7 15. Qg3 a6 16. Bf4 c4 17. Bc2 Nd5 18. Bg5 b5 19. Nbd2 Bb7 20. Re4 Nce7 21. Rae1 Nf5 22. Qh3 Nde7 23. R4e2 a5 24. Ne4 Nd5 25. Ng3 Nxg3 26. hxg3 b4 27. Bd2 bxc3 28. bxc3 Nb6 29. Ng5 Rad8 30. Bxg6 fxg6 31. Qxe6+ Rf7 32. Nxf7 Qxf7 33. Qxb6 Qd5 34. f3 Rf8 35. Qxg6 Rxf3 36. gxf3 Qxf3 37. Kh2 h4 38. gxh4 Kh8 39. Rg2 1-0

[Event "Gibraltar Masters 14th"]
[Site "Caleta"]
[Date "2016.01.30"]
[Round "5"]
[White "Barrenechea Bahamonde, Gustavo"]
[Black "Lei, Tingjie"]
[Result "0-1"]
[WhiteElo "2116"]
[BlackElo "2474"]
[PlyCount "72"]
[EventDate "2016.01.26"]
[EventType "swiss"]
[EventRounds "10"]
[EventCountry "GGB"]
[SourceTitle "CBM 171"]
[Source "ChessBase"]
[SourceDate "2016.03.14"]
[SourceVersion "2"]
[SourceVersionDate "2016.03.14"]
[SourceQuality "1"]

1. e4 e5 2. Nf3 Nc6 3. d4 exd4 4. c3 Nf6 5. e5 Nd5 6. Qb3 Nb6 7. cxd4 d6 8. Bb5 Be6 9. Qc2 Bd5 10. Qe2 dxe5 11. 0-0 e4 12. Nc3 Be7 13. Nxe4 0-0 14. a3 Re8 15. Bd3 f5 16. Nc3 Bd6 17. Qd1 Bxf3 18. Qxf3 Qh4 19. h3 Nxd4 20. Qd1 Rad8 21. Be3 Be5 22. Bxd4 Qxd4 23. Qb3+ Kh8 24. Rad1 Qf4 25. g3 Qg5 26. h4 Qf6 27. Qc2 g6 28. h5 Kg7 29. Rfe1 c6 30. Kg2 Bxc3 31. Rxe8 Rxe8 32. bxc3 f4 33. hxg6 fxg3 34. gxh7 Nd5 35. Kxg3 Qg5+ 36. Kh2 Re6 0-1

[Event "Elgoibar 25th"]
[Site "Elgoibar"]
[Date "2015.12.18"]
[Round "7"]
[White "Barrenechea Bahamonde, Gustavo"]
[Black "Kobo, Ori"]
[Result "0-1"]
[WhiteElo "2127"]
[BlackElo "2430"]
[PlyCount "80"]
[EventDate "2015.12.14"]
[EventType "tourn"]
[EventRounds "9"]
[EventCountry "ESP"]
[EventCategory "7"]
[SourceTitle "CBM 170 Extra"]
[Source "ChessBase"]
[SourceDate "2016.02.25"]
[SourceVersion "1"]
[SourceVersionDate "2016.02.25"]
[SourceQuality "1"]

1. e4 e6 2. d4 d5 3. e5 c5 4. c3 Nc6 5. Nf3 Nh6 6. dxc5 Bxc5 7. b4 Bb6 8. Bxh6 gxh6 9. b5 Ne7 10. Bd3 Ng6 11. 0-0 f6 12. Bxg6+ hxg6 13. Qd3 f5 14. c4 dxc4 15. Qxc4 Rh7 16. Nbd2 Rc7 17. Qe2 Bd7 18. a4 Rac8 19. a5 Bc5 20. Rfd1 Qe7 21. Nb3 g5 22. Nfd4 Kf8 23. h3 Kg7 24. Rd2 Bb4 25. Rd3 Be8 26. Rad1 Rd7 27. f4 gxf4 28. Qf3 Rcd8 29. Qxf4 Kh7 30. Rg3 Qf7 31. Rf1 Bxa5 32. Kh1 Bb6 33. Nf3 Rd3 34. Qh4 Qh5 35. Qf6 Qf7 36. Qh4 Rxf3 37. Rgxf3 Bxb5 38. Re1 Rg8 39. Nd4 Qg6 40. Rg1 Bc6 0-1

[Event "Elgoibar 25th"]
[Site "Elgoibar"]
[Date "2015.12.18"]
[Round "6"]
[White "Etchegaray, Patrice"]
[Black "Barrenechea Bahamonde, Gustavo"]
[Result "1-0"]
[WhiteElo "2381"]
[BlackElo "2127"]
[PlyCount "65"]
[EventDate "2015.12.14"]
[EventType "tourn"]
[EventRounds "9"]
[EventCountry "ESP"]
[EventCategory "7"]
[SourceTitle "CBM 170 Extra"]
[Source "ChessBase"]
[SourceDate "2016.02.25"]
[SourceVersion "1"]
[SourceVersionDate "2016.02.25"]
[SourceQuality "1"]

1. d4 d5 2. Nf3 e6 3. c4 c5 4. cxd5 exd5 5. g3 Nc6 6. Bg2 Nf6 7. 0-0 Be7 8. dxc5 Bxc5 9. Bg5 0-0 10. Nc3 d4 11. Bxf6 Qxf6 12. Nd5 Qd8 13. Nd2 Re8 14. Rc1 Bf8 15. Nc4 Bg4 16. Re1 Rc8 17. h3 Bxh3 18. Bxh3 Qxd5 19. Bxc8 Rxc8 20. e4 Qd7 21. Qh5 Rd8 22. Ne5 Qe6 23. Nxc6 bxc6 24. Qa5 Rd6 25. a3 Qb3 26. Qd2 h5 27. e5 Rd5 28. Rxc6 h4 29. Qc2 Qb5 30. Qc4 Rxe5 31. Qxb5 Rxb5 32. Rc8 hxg3 33. fxg3 1-0

[Event "Elgoibar 25th"]
[Site "Elgoibar"]
[Date "2015.12.14"]
[Round "1"]
[White "Gonzalez de la Torre, Santiago"]
[Black "Barrenechea Bahamonde, Gustavo"]
[Result "1-0"]
[WhiteElo "2431"]
[BlackElo "2127"]
[PlyCount "69"]
[EventDate "2015.12.14"]
[EventType "tourn"]
[EventRounds "9"]
[EventCountry "ESP"]
[EventCategory "7"]
[SourceTitle "CBM 170 Extra"]
[Source "ChessBase"]
[SourceDate "2016.02.25"]
[SourceVersion "1"]
[SourceVersionDate "2016.02.25"]
[SourceQuality "1"]

1. e4 d5 2. exd5 Qxd5 3. Nf3 g6 4. Be2 Bg7 5. 0-0 c5 6. Nc3 Qd8 7. Ne4 Nd7 8. Bb5 Qb6 9. Qe2 a6 10. Bc4 Nh6 11. Neg5 e5 12. Nxe5 Nxe5 13. f4 Bg4 14. Nf3 0-0 15. fxe5 Rae8 16. d3 Rxe5 17. Qxe5 Bxe5 18. Nxe5 g5 19. Bxg5 Bc8 20. Rae1 Nf5 21. Nxf7 Kg7 22. Rxf5 Bxf5 23. Bh6+ Kg6 24. Bxf8 Qxb2 25. Nd6 Qd4+ 26. Kh1 Qf2 27. Bf7+ Kf6 28. Be7+ Kg7 29. Bh4 Qxc2 30. Bb3 Qxd3 31. Rd1 Qe2 32. Nxf5+ Kg6 33. Ng3 Qg4 34. Rd6+ Kg7 35. Bf6+ 1-0

[Event "ESP-ch 80th"]
[Site "Linares"]
[Date "2015.08.25"]
[Round "3"]
[White "Barrenechea Bahamonde, Gustavo"]
[Black "Gonzalez de la Torre, Santiago"]
[Result "0-1"]
[WhiteElo "2142"]
[BlackElo "2438"]
[PlyCount "78"]
[EventDate "2015.08.23"]
[EventType "swiss"]
[EventRounds "9"]
[EventCountry "ESP"]
[SourceTitle "EXT 2016"]
[Source "ChessBase"]
[SourceDate "2015.10.08"]
[SourceVersion "1"]
[SourceVersionDate "2015.10.08"]
[SourceQuality "1"]

1. e4 d6 2. d4 e5 3. Nf3 exd4 4. Nxd4 Nf6 5. Nc3 Be7 6. g3 0-0 7. Bg2 Re8 8. 0-0 Bf8 9. h3 Nbd7 10. Nb3 a5 11. a4 c6 12. Be3 h6 13. Kh2 Qc7 14. f4 Nxe4 15. Bxe4 Nf6 16. Qd3 Nxe4 17. Nxe4 Qe7 18. Nxd6 Qxd6 19. Qxd6 Bxd6 20. Rfe1 Bc7 21. Bd4 Bf5 22. c3 f6 23. Nd2 b6 24. Nc4 c5 25. Bf2 Kf7 26. Ne3 Be4 27. Kg1 Rad8 28. Red1 Bf3 29. Rdc1 Rd3 30. Re1 h5 31. h4 g6 32. Kf1 Rd2 33. Rab1 Be4 34. Rbd1 Red8 35. Rxd2 Rxd2 36. Kg1 Rxb2 37. Nd1 Rb1 38. Rxe4 Rxd1+ 39. Be1 Ra1 0-1

[Event "La Roda op 42nd"]
[Site "La Roda"]
[Date "2015.04.05"]
[Round "9"]
[White "Santos Ruiz, Miguel"]
[Black "Barrenechea Bahamonde, Gustavo"]
[Result "1-0"]
[WhiteElo "2315"]
[BlackElo "2215"]
[PlyCount "55"]
[EventDate "2015.04.01"]
[EventType "swiss"]
[EventRounds "9"]
[EventCountry "ESP"]
[SourceTitle "CBM 165 Extra"]
[Source "ChessBase"]
[SourceDate "2015.04.21"]
[SourceVersion "1"]
[SourceVersionDate "2015.04.21"]
[SourceQuality "1"]

1. e4 c5 2. Nf3 g6 3. Bc4 Bg7 4. c3 e6 5. d4 cxd4 6. Nxd4 Ne7 7. Bg5 h6 8. Bh4 0-0 9. 0-0 b6 10. Nb5 Na6 11. Qd6 g5 12. Bg3 Bb7 13. f3 Rc8 14. N1a3 Rc6 15. Qd2 d5 16. exd5 exd5 17. Bd3 Nc8 18. Bc2 f5 19. Rfe1 d4 20. Rad1 Nd6 21. Nxd4 Bxd4+ 22. Qxd4 f4 23. Nb5 fxg3 24. Nxd6 gxh2+ 25. Kh1 Rxd6 26. Qxd6 Qxd6 27. Rxd6 Nc5 28. Kxh2 1-0

[Event "Gibraltar Masters 13th"]
[Site "Caleta"]
[Date "2015.02.04"]
[Round "9"]
[White "Barrenechea Bahamonde, Gustavo"]
[Black "Zude, Arno"]
[Result "0-1"]
[WhiteElo "2223"]
[BlackElo "2377"]
[PlyCount "52"]
[EventDate "2015.01.27"]
[EventType "swiss"]
[EventRounds "10"]
[EventCountry "GGB"]
[SourceTitle "CBM 165"]
[Source "ChessBase"]
[SourceDate "2015.03.11"]
[SourceVersion "1"]
[SourceVersionDate "2015.03.11"]
[SourceQuality "1"]

1. e4 e5 2. Nf3 Nc6 3. Bc4 Bc5 4. b4 Bxb4 5. c3 Ba5 6. d4 d6 7. Qb3 Qd7 8. 0-0 Bb6 9. Nbd2 Na5 10. Qb1 f6 11. Bd3 Ne7 12. Nc4 0-0 13. Nxb6 axb6 14. Nh4 Qg4 15. Nf5 Nxf5 16. exf5 Bd7 17. f3 Qh4 18. d5 Qa4 19. Re1 Nc4 20. g4 Qb5 21. Re4 Qc5+ 22. Kg2 Ra4 23. Bc2 Na3 24. Bxa4 Nxb1 25. Bxd7 Qxc3 26. g5 Qxc1 0-1

[Event "Gibraltar Masters 13th"]
[Site "Caleta"]
[Date "2015.02.01"]
[Round "6"]
[White "Odeh, Kenneth"]
[Black "Barrenechea Bahamonde, Gustavo"]
[Result "1-0"]
[WhiteElo "1982"]
[BlackElo "2223"]
[PlyCount "112"]
[EventDate "2015.01.27"]
[EventType "swiss"]
[EventRounds "10"]
[EventCountry "GGB"]
[SourceTitle "CBM 165"]
[Source "ChessBase"]
[SourceDate "2015.03.11"]
[SourceVersion "1"]
[SourceVersionDate "2015.03.11"]
[SourceQuality "1"]

1. e4 d5 2. exd5 Nf6 3. Nc3 Nxd5 4. Nxd5 Qxd5 5. Qf3 Qc5 6. c3 e5 7. b4 Qe7 8. Bc4 e4 9. Qe3 Nd7 10. d3 exd3 11. Bxd3 Ne5 12. Be2 Bf5 13. Nf3 Nd3+ 14. Bxd3 Bxd3 15. Qxe7+ Bxe7 16. Bf4 0-0-0 17. 0-0-0 Be4 18. Rxd8+ Bxd8 19. Ne1 Bf6 20. Bd2 Bd5 21. a3 Re8 22. Kc2 Re2 23. Rf1 Bg5 24. f4 Bh6 25. Kd3 Bc4+ 26. Kxc4 Rxd2 27. Kb3 Re2 28. Kc4 g6 29. Kd3 Re6 30. Nc2 Bg7 31. Nd4 Bxd4 32. cxd4 f5 33. Rc1 c6 34. d5 Rd6 35. Rc5 Kd7 36. Kd4 Ke7 37. a4 h6 38. Ke5 Kd7 39. dxc6+ bxc6 40. Ra5 Re6+ 41. Kd4 Re2 42. Rxa7+ Kd6 43. g3 Rd2+ 44. Kc3 Rxh2 45. Rg7 Kd5 46. Rxg6 Rf2 47. a5 Rf3+ 48. Kb2 Kc4 49. a6 Kxb4 50. Rxc6 Rxg3 51. Rb6+ Kc5 52. a7 Rg2+ 53. Ka1 Rg1+ 54. Rb1 Rg8 55. Rb8 Rg1+ 56. Ka2 Rg2+ 1-0

[Event "Gibraltar Masters 13th"]
[Site "Caleta"]
[Date "2015.01.27"]
[Round "1"]
[White "Barrenechea Bahamonde, Gustavo"]
[Black "Bartel, Mateusz"]
[Result "0-1"]
[WhiteElo "2223"]
[BlackElo "2631"]
[PlyCount "64"]
[EventDate "2015.01.27"]
[EventType "swiss"]
[EventRounds "10"]
[EventCountry "GGB"]
[SourceTitle "CBM 165"]
[Source "ChessBase"]
[SourceDate "2015.03.11"]
[SourceVersion "1"]
[SourceVersionDate "2015.03.11"]
[SourceQuality "1"]

1. e4 c6 2. Nc3 d5 3. Nf3 Nf6 4. e5 Ne4 5. Ne2 Qb6 6. d4 e6 7. Nfg1 f6 8. f3 Ng5 9. exf6 gxf6 10. f4 Nf7 11. Nf3 Be7 12. c3 0-0 13. Qb3 Nd7 14. Be3 Re8 15. g3 e5 16. Qxb6 Nxb6 17. dxe5 Bg4 18. Nd2 fxe5 19. 0-0-0 Bf6 20. Re1 exf4 21. gxf4 Rxe3 22. Rg1 h5 23. h3 Bh4 24. Rd1 Bf2 25. Rg2 Rxh3 26. Rxf2 Re3 27. Rg2 Rae8 28. Re1 Nd6 29. Kc2 Kf8 30. Nb3 Nf5 31. Nbc1 Rf3 32. Rg1 Ne3+ 0-1